000
00292nam a2200109Ia 4500
008
171211s9999 xx 000 0 und d
245
_a
Cell-Free Protein Synthesis
245
_c
Manish Biyani
260
_c
2012
650
_x
FITNESS
856
_u
http://down.ebook777.com/064/9789535108030.pdf
999
_c
349013
_d
349013